Statistics for Top 50 actresses

Click here to take the quiz!

General Stats

  • This quiz has been taken 569 times
  • The average score is 25 of 50

Answer Stats

HintAnswer% Correct
Pretty WomanJulia Roberts
94%
Mr & Mrs SmithAngelina Jolie
91%
Divergent/TitanicKate Winslet
89%
Star Wars/Black SwannNatalie Portman
88%
Miss CongenialitySandra Bullock
88%
Mamma Mia!/Into the woodsMeryl Streep
80%
Harry Potter/NoahEmma Watson
77%
Charlie's Angels/Knight and DayCameron Diaz
73%
Charlie's Angels/ETDrew Barrymore
73%
Silver Linings/American HustleJennifer Lawrence
71%
Mary PoppinsJulie Andrews
71%
Pirates of the Carribean/Jack Ryan:Shadow RecruitKeira Knightley
71%
Black Swann/Friends with benefitsMila Kunis
70%
Kill Bill/MotherhoodUma Thurman
70%
Bride Wars/InterstellarAnne Hathaway
68%
Lucy/AvengersScarlett Johansson
66%
Spider-Man/BirdmanEmma Stone
63%
The Aviator/The HobbitCate Blanchett
57%
Die another day/X-MenHalle Berry
54%
Iron Man/MortdecaiGwenyth Paltrow
53%
Transformers/Ninja TurtlesMegan Fox
53%
Oceans Twelve/ZorroCatherine Zeta Jones
52%
Nanny McpheeEmma Thompson
52%
Red/The QueenHelen Mirren
52%
Harry Potter/Sweeney ToddHelena Bonham Carter
51%
GI Jane/ Austin PowersDemi Moore
50%
The Italian job/HancockCharlize Theron
49%
Mamma Mia!/Mean GirlsAmanda Seyfried
48%
Fantastic 4/Sin CityJessica Alba
47%
Edge of tomorrow/SicarioEmily Blunt
46%
The Golden Compass/Grace of MonacoNicole Kidman
46%
James Bond/The best Exotic Marigold hotelJudi Dench
45%
Pirates of the Carribean 4/SaharaPenelope Cruz
45%
Non-Stop/Boogie NightsJuliane Moore
44%
Avatar/ColombianaZoe Saldana
43%
Avatar/GhostbustersSigourney Weaver
42%
The Heat/Identity ThiefMelissa Mccarthy
35%
Fast & Furious seriesMichelle Rodriguez
34%
Hot Pursuit/WildReese Witherspoon
34%
Insurgent/DivergentShailene Woodley
30%
2 Fast 2 Furious/HitchEva Mendes
29%
Die another day/Gone GirlRosamund Pike
29%
Casino Royale/300 rise of an empireEva Green
27%
We're the Millers/Horrible BossesJennifer Anniston
27%
The Dark Night/White House DownMaggie Gylenhaal
21%
Taken Trilogy/GoldeneyeFamke Janssen
14%
Total Recall/BladeJessica Biel
14%
Quantum of Solace/Prince of PersiaGemma Arterton
10%
Pirates of the Carribean/James BondNaomi Harris
6%
2 Guns/Mission Impossible:Ghost ProtocolPaula Patton
6%

Score Distribution

Percentile by Number Answered

Percent of People with Each Score

Your Score History

You have not taken this quiz